Filosofía y sociedad
Guardat en:
| Autor principal: | |
|---|---|
| Format: | Llibre |
| Idioma: | espanyol |
| Publicat: |
Ciudad de México
Siglo Veintiuno
2008
|
| Col·lecció: | Filosofía
|
| Matèries: | |
| Etiquetes: |
Afegir etiqueta
Sense etiquetes, Sigues el primer a etiquetar aquest registre!
|
MARC
| LEADER | 00000nam a2200000 a 4500 | ||
|---|---|---|---|
| 001 | UCH2674 | ||
| 003 | CL-VaPUC | ||
| 008 | 090624e20080000MX |||||||||||||||||spa|d | ||
| 020 | |a 9789682327292 | ||
| 082 | 0 | 4 | |a 300.1 |b BUN |2 21 |
| 100 | 0 | |a Bunge, Mario |e author |9 537666 | |
| 245 | 1 | 0 | |a Filosofía y sociedad |
| 300 | |a 187 p | ||
| 942 | |c BK | ||
| 945 | |d 20090624 00:00:00 |a rbrito | ||
| 260 | |a Ciudad de México |b Siglo Veintiuno |c 2008 | ||
| 650 | 0 | |a Filosofía de las ciencias sociales |9 268057 | |
| 650 | 0 | |a Ciencias sociales |9 256351 | |
| 583 | |a last modification |c 20090624 00:00:00 |k Rodrigo Vera | ||
| 490 | 0 | |a Filosofía | |
| 999 | |c 334390 |d 334388 | ||
| 952 | |0 0 |1 0 |4 0 |6 300_100000000000000_BUN_2008 |7 0 |8 A |9 423381 |a BIBEDU |b BIBEDU |d 2019-11-22 |i 4568745 |o 300.1 BUN 2008 |p 4568745 |r 2019-11-22 |w 2019-11-22 |y BK |k PSI | ||